Psychological contracts in employment : cross-national perspectives
Αποθηκεύτηκε σε:
| Άλλοι συγγραφείς: | , |
|---|---|
| Μορφή: | Βιβλίο |
| Γλώσσα: | English |
| Δημοσίευση: |
Thousnad Oaks :
Sage Publications,
c2000
|
| Θέματα: | |
| Ετικέτες: |
Προσθήκη ετικέτας
Δεν υπάρχουν, Καταχωρήστε ετικέτα πρώτοι!
|
MARC
| LEADER | 00000nam a2200000 i 4500 | ||
|---|---|---|---|
| 001 | 1/74540 | ||
| 008 | 080215s2000 eng d | ||
| 020 | |a 0-7619-1681-4 (pbk. : alk. paper) | ||
| 035 | |l 10094676 | ||
| 040 | |a GR-MY-UA |b gre |e aacr | ||
| 041 | 0 | |a eng | |
| 082 | 0 | |a 158.7 |2 (22) | |
| 245 | 1 | 0 | |a Psychological contracts in employment : |b cross-national perspectives / |c edited by Denise M. Rousseau, Rene Schalk |
| 260 | |a Thousnad Oaks : |b Sage Publications, |c c2000 | ||
| 300 | |a ix, 324 σ.; |c 23 εκ. | ||
| 504 | |a Περιλαμβάνει βιβλιογραφίες και ευρετήριο | ||
| 650 | 0 | 0 | |a Organizational behavior |x Cross-cultural studies. |
| 650 | 0 | 0 | |a Contracts |x Psychological aspects |x Cross-cultural studies. |
| 650 | 0 | 0 | |a Commitment (Psychology) |x Cross-cultural studies. |
| 650 | 0 | 0 | |a Industrial relations |x Cross-cultural studies. |
| 700 | 1 | |a Rousseau, Denise M. |4 edt | |
| 700 | 1 | |a Schalk, Rene. |4 edt | |
| 852 | |a INST |b SYROS |e 20080215 |h 158.7 PSY |p 005500006564 |q 005500006564 |t BK |y 0 | ||
| 901 | |a BIBL5-2008-1 | ||
| 909 | |a Ε |b 140622 | ||
| 922 | |a 5ΕΛΗ |b 200711 |c ΕΠΕΑΕΚ2/ΤΜΣΠΣ |d ΕΛΕΥΘΕΡΟΥΔΑΚΗΣ | ||
| 970 | |a ΚΟΝΤΟΥ |b ΠΑΡΑΣΚΕΥΗ |z 2008/02/15 | ||